Canada Provinces by Images - Statistics

General Stats
  • This quiz has been taken 12 times
  • The average score is 12 of 13
Answer Stats
Picture Answer % Correct
British Columbia
100%
Newfoundland and Labrador
100%
Northwest Territories
100%
Nunavut
100%
Ontario
100%
Quebec
100%
Saskatchewan
100%
Alberta
90%
Manitoba
90%
Nova Scotia
90%
Prince Edward Island
90%
Yukon
90%
New Brunswick
70%
No matching quizzes found
Score Distribution
Percent of People with Each Score
Percentile by Number Answered
Your Score History
You have not taken this quiz